[Event "ch-Frankfurt A"]
[Site "Frankfurt"]
[Date "2023.05.08"]
[Round "2"]
[White "Biegel, Thomas"]
[Black "Ghaznavi, Massoud"]
[Result "1-0"]
[WhiteElo "1965"]
[BlackElo "1563"]
[PlyCount "61"]
[EventDate "2023.04.24"]
[EventType "swiss"]
[EventCountry "GER"]

1. d4 d5 2. Nf3 Nf6 3. c4 b6 4. cxd5 Qxd5 5. Nc3 Qd8 6. Bf4 e6 7. e4 Bb7 8. Bb5+ Nbd7 9. Ne5 Be7 10. Nc6 Bxc6 11. Bxc6 Rc8 12. e5 Nd5 13. Nxd5 exd5 14. Qa4 a5 15. O-O h6 16. Rfe1 Bb4 17. Re2 Rb8 18. a3 Be7 19. Rae1 Qc8 20. e6 fxe6 21. Rxe6 O-O 22. Bxd7 Qa6 23. Rxe7 Rxf4 24. Bb5 Qa8 25. Bc6 Qa6 26. Bxd5+ Kh8 27. Re8+ Rf8 28. Rxb8 Rxb8 29. Re8+ Rxe8 30. Qxe8+ Kh7 31. Be4+ 1-0

[Event "ch-Frankfurt A"]
[Site "Frankfurt"]
[Date "2023.05.08"]
[Round "2"]
[White "Bischoff, Ulrich"]
[Black "Belin, Anton"]
[Result "1-0"]
[WhiteElo "1964"]
[BlackElo "1662"]
[PlyCount "103"]
[EventDate "2023.04.24"]
[EventType "swiss"]
[EventCountry "GER"]

1. d4 d5 2. c4 c5 3. cxd5 Nf6 4. Nf3 Bg4 5. dxc5 Qxd5 6. Qxd5 Nxd5 7. a3 Nc6 8. Nbd2 O-O-O 9. g3 e5 10. b4 e4 11. Ng5 Nd4 12. Nxf7 Nc2+ 13. Kd1 Nxa1 14. Bb2 Nb3 15. Nxd8 Bxc5 16. Nf7 Bxf2 17. Nxb3 Rf8 18. Nd6+ Kc7 19. Bxg7 Ne3+ 20. Kc1 Rd8 21. Nxe4 Rd1+ 22. Kb2 Be1 23. Be5+ Kd8 24. Bf4 Nxf1 25. Kc2 Bxe2 26. Rxf1 Bxf1 27. Kxd1 Bg2 28. Nbc5 b6 29. Kxe1 bxc5 30. Nxc5 Kc8 31. Kf2 Bc6 32. Ke3 h5 33. Kd4 Bg2 34. Ne6 Kd7 35. Ng7 Bf3 36. Kc5 Bg4 37. Bd6 Kc8 38. Ne8 Bh3 39. Nf6 Bg4 40. Nxg4 hxg4 41. b5 Kb7 42. a4 a6 43. b6 a5 44. Bf4 Ka6 45. Bd2 Kb7 46. Kb5 Kb8 47. Kc6 Ka8 48. b7+ Ka7 49. Bxa5 Kb8 50. Bc7+ Ka7 51. b8=Q+ Ka6 52. Qb6# 1-0

[Event "ch-Frankfurt A"]
[Site "Frankfurt"]
[Date "2023.05.08"]
[Round "2"]
[White "Bittner, Peter"]
[Black "Orlinski, Wolfgang"]
[Result "1/2-1/2"]
[WhiteElo "1852"]
[BlackElo "1933"]
[PlyCount "120"]
[EventDate "2023.04.24"]
[EventType "swiss"]
[EventCountry "GER"]

1. d4 c6 2. Bf4 d5 3. Nf3 Bf5 4. e3 e6 5. Bd3 Bg6 6. Ne5 Bxd3 7. Qxd3 f6 8. Nf3 Bd6 9. Bxd6 Qxd6 10. Qa3 Qxa3 11. Nxa3 Nd7 12. Rc1 b5 13. c3 Ne7 14. Kd2 a5 15. Nc2 Nb6 16. b3 Nf5 17. Nfe1 Nd6 18. f3 e5 19. Nd3 Nd7 20. Rhe1 e4 21. Nc5 Nxc5 22. dxc5 Nb7 23. b4 axb4 24. cxb4 Kd7 25. a3 exf3 26. gxf3 Rhe8 27. Rg1 g6 28. Kc3 Nd8 29. Rcd1 Kc7 30. f4 Nf7 31. Rg3 Re7 32. Rh3 h6 33. Rg1 g5 34. fxg5 fxg5 35. Rf1 Rae8 36. Rf6 Kb7 37. Kd2 Ne5 38. Rfxh6 Nc4+ 39. Kd3 Ne5+ 40. Ke2 g4 41. Rg3 Nc4 42. h3 Nxe3 43. Rxe3 Rxe3+ 44. Nxe3 d4 45. hxg4 Rxe3+ 46. Kd2 Rg3 47. Rh7+ Kc8 48. Rg7 Kb8 49. g5 Kc8 50. g6 Kb8 51. Rg8+ Kb7 52. g7 Ka7 53. Rc8 Rxg7 54. Rxc6 Rg3 55. Rd6 Rxa3 56. Rxd4 Rh3 57. Rd3 Rh4 58. Kc3 Rc4+ 59. Kb3 Rh4 60. Rg3 Rh6 1/2-1/2

[Event "ch-Frankfurt A"]
[Site "Frankfurt"]
[Date "2023.05.08"]
[Round "2"]
[White "Bonnaire, Ulrich"]
[Black "Uwira, Oliver"]
[Result "0-1"]
[WhiteElo "2135"]
[BlackElo "2166"]
[PlyCount "36"]
[EventDate "2023.04.24"]
[EventType "swiss"]
[EventCountry "GER"]

1. e4 c5 2. Nf3 Nc6 3. c3 Nf6 4. e5 Nd5 5. d4 cxd4 6. cxd4 d6 7. Be2 Bf5 8. a3 e6 9. O-O Be7 10. Qb3 O-O 11. Qxb7 Na5 12. Qa6 Nb3 13. Bd3 Bxd3 14. Qxd3 Nxa1 15. b3 Rb8 16. Nbd2 a5 17. Bb2 Nxb3 18. Nxb3 a4 0-1

[Event "ch-Frankfurt A"]
[Site "Frankfurt"]
[Date "2023.05.08"]
[Round "2"]
[White "Burkart, Lloyd Shang"]
[Black "Nehmert, Ulrich"]
[Result "1/2-1/2"]
[WhiteElo "1890"]
[BlackElo "2218"]
[PlyCount "41"]
[EventDate "2023.04.24"]
[EventType "swiss"]
[EventCountry "GER"]

1. d4 d5 2. c4 dxc4 3. Nf3 a6 4. e3 Nf6 5. Bxc4 e6 6. O-O c5 7. b3 Nbd7 8. Bb2 b5 9. Be2 Bb7 10. a4 bxa4 11. Rxa4 Be7 12. Nbd2 O-O 13. Qa1 a5 14. Bc3 cxd4 15. Bxa5 Rxa5 16. Rxa5 dxe3 17. fxe3 Nd5 18. e4 Bf6 19. Qa3 Be7 20. Qa1 Bf6 21. Qa3 1/2-1/2

[Event "ch-Frankfurt A"]
[Site "Frankfurt"]
[Date "2023.05.08"]
[Round "2"]
[White "Diehl, Stefan"]
[Black "Hochmuth, Christian"]
[Result "0-1"]
[WhiteElo "1784"]
[BlackElo "2002"]
[PlyCount "78"]
[EventDate "2023.04.24"]
[EventType "swiss"]
[EventCountry "GER"]

1. f4 g6 2. Nf3 Bg7 3. e3 d5 4. d4 Nh6 5. c4 c6 6. Nc3 O-O 7. Be2 b6 8. Ne5 f6 9. Nf3 e6 10. O-O Kh8 11. Qc2 Bb7 12. b4 Nd7 13. c5 a5 14. bxa5 bxc5 15. Rb1 Ba6 16. Qa4 Qc7 17. Bd2 Bxe2 18. Nxe2 c4 19. Rb2 Ra7 20. Rfb1 Rfa8 21. Qa3 Bf8 22. Qa4 Nf7 23. Qc2 Ba3 24. Rb6 Qc8 25. Nh4 Kg7 26. Ng3 Nxb6 27. axb6 Rb7 28. f5 exf5 29. Nhxf5+ gxf5 30. Nxf5+ Kh8 31. e4 Nd6 32. Ng3 Nxe4 33. Nxe4 dxe4 34. Qxe4 Bf8 35. Bc3 Bg7 36. d5 cxd5 37. Qxd5 Rxa2 38. Rd1 Ra8 39. Rb1 Rab8 0-1

[Event "ch-Frankfurt A"]
[Site "Frankfurt"]
[Date "2023.05.08"]
[Round "2"]
[White "Engel, Manfred"]
[Black "Casagrande, Thomas"]
[Result "1-0"]
[WhiteElo "2234"]
[BlackElo "2015"]
[PlyCount "61"]
[EventDate "2023.04.24"]
[EventType "swiss"]
[EventCountry "GER"]

1. c4 c6 2. e4 d5 3. cxd5 cxd5 4. exd5 Nf6 5. Bb5+ Nbd7 6. Nc3 g6 7. d4 Bg7 8. d6 exd6 9. Qe2+ Qe7 10. Bf4 d5 11. Qxe7+ Kxe7 12. Nf3 Nb6 13. O-O Be6 14. Rfe1 h6 15. a4 a6 16. a5 Nbd7 17. Bxd7 Kxd7 18. Na4 Ke7 19. Nb6 Nh5 20. Nxa8 Rxa8 21. Be5 f6 22. Bc7 Kd7 23. Rac1 Bf8 24. h3 Bb4 25. Red1 Rc8 26. Bb6 Rc6 27. Rxc6 bxc6 28. Bc5 Bxc5 29. dxc5 Ng7 30. Nd4 Bf5 31. g4 1-0

[Event "ch-Frankfurt A"]
[Site "Frankfurt"]
[Date "2023.05.08"]
[Round "2"]
[White "Erdmann, Stefan"]
[Black "Adair, Robin"]
[Result "1-0"]
[WhiteElo "2127"]
[BlackElo "2022"]
[PlyCount "119"]
[EventDate "2023.04.24"]
[EventType "swiss"]
[EventCountry "GER"]

1. d4 Nf6 2. Nf3 g6 3. c4 Bg7 4. g3 O-O 5. Bg2 d6 6. Nc3 Nc6 7. O-O a6 8. b3 Rb8 9. d5 Na5 10. Bg5 c5 11. dxc6 Nxc6 12. Rc1 Bd7 13. Qd2 b5 14. Rfd1 bxc4 15. bxc4 Na5 16. Bxf6 Bxf6 17. Nd5 Bg7 18. Nxe7+ Qxe7 19. Qxa5 Qxe2 20. Rd2 Qe7 21. Re1 Be6 22. Nd4 Bxd4 23. Rxd4 Qa7 24. Rh4 Rb2 25. Rf4 Rfb8 26. Bd5 Rb1 27. Rxb1 Rxb1+ 28. Kg2 Bxd5+ 29. cxd5 Rb6 30. Re4 Rb8 31. Rc4 Ra8 32. Qc3 Qb7 33. Rc6 Qe7 34. Qc4 a5 35. h4 h5 36. Qf4 Rd8 37. Ra6 Qe1 38. Ra7 Rf8 39. Rd7 Qb1 40. a4 Qa2 41. Rxd6 Qe2 42. Rd7 Qe8 43. Rc7 Qa8 44. Qc4 Rd8 45. Rc5 Kg7 46. Kh2 Rb8 47. Qc3+ Kh7 48. Rxa5 Qb7 49. Rb5 Qa7 50. Qe3 Qa8 51. Rxb8 Qxb8 52. Qf4 Qa7 53. d6 Kg8 54. Qd2 Qd7 55. Qd4 Kh7 56. a5 g5 57. hxg5 Kg6 58. a6 Kxg5 59. a7 Qd8 60. Qh4+ 1-0

[Event "ch-Frankfurt A"]
[Site "Frankfurt"]
[Date "2023.05.08"]
[Round "2"]
[White "Gaertner, Peter"]
[Black "Sonntag, Chris"]
[Result "1-0"]
[WhiteElo "1631"]
[BlackElo "1142"]
[PlyCount "75"]
[EventDate "2023.04.24"]
[EventType "swiss"]
[EventCountry "GER"]

1. Nf3 d5 2. d4 Nf6 3. Nbd2 e6 4. e3 c5 5. dxc5 Bxc5 6. a3 O-O 7. b4 Bd6 8. Bb2 Nbd7 9. c4 dxc4 10. Bxc4 Nb6 11. Bb3 Bd7 12. O-O Rc8 13. Rc1 Rxc1 14. Qxc1 Bc6 15. Nd4 Bd5 16. Bc2 Qd7 17. e4 Bc4 18. Re1 Bf4 19. Qd1 Rd8 20. N2f3 Qc7 21. g3 Be5 22. Qa1 Nbd7 23. Ba4 Bxd4 24. Bxd4 b5 25. Bd1 Bd3 26. e5 Nd5 27. Bb3 N7b6 28. Bc5 Qb7 29. Qd4 Bc4 30. Bc2 Qc6 31. Qh4 g6 32. Ng5 h5 33. Bxg6 fxg6 34. Nxe6 Qd7 35. Qxd8+ Qxd8 36. Nxd8 Nc3 37. f4 Nc8 38. e6 1-0

[Event "ch-Frankfurt A"]
[Site "Frankfurt"]
[Date "2023.05.08"]
[Round "2"]
[White "Gutacker, Stephan"]
[Black "Lauterbach, Ingrid"]
[Result "0-1"]
[WhiteElo "1886"]
[BlackElo "2004"]
[PlyCount "96"]
[EventDate "2023.04.24"]
[EventType "swiss"]
[EventCountry "GER"]

1. e4 g6 2. d4 Bg7 3. c4 d6 4. Nf3 c6 5. Nc3 Nd7 6. Bd3 Qc7 7. Qe2 e5 8. d5 Ngf6 9. O-O O-O 10. h3 Nc5 11. Bc2 cxd5 12. cxd5 a6 13. b4 Ncxe4 14. Nxe4 Nxe4 15. Bxe4 f5 16. Bb2 fxe4 17. Qxe4 Rf4 18. Qe3 Rxb4 19. Ba3 Rf4 20. Rac1 Qd8 21. g3 Ra4 22. Kg2 b5 23. Qb3 Bb7 24. Rfd1 Qe7 25. h4 Rc8 26. Rxc8+ Bxc8 27. Ng5 Bb7 28. f3 Qd7 29. Ne4 Ba8 30. Nxd6 Rd4 31. Rxd4 exd4 32. Bc5 Be5 33. Qa3 Bxd5 34. Qxa6 d3 35. Kf2 d2 36. Ke2 Bxf3+ 37. Kxd2 Bxg3 38. Qxb5 Qxb5 39. Nxb5 Bxh4 40. a4 Bc6 41. Nc3 Bd8 42. Bb4 Bb6 43. a5 Ba7 44. Kd3 g5 45. Kc4 g4 46. Bd6 Bf2 47. Nd5 Kf7 48. a6 Ke6 0-1

[Event "ch-Frankfurt A"]
[Site "Frankfurt"]
[Date "2023.05.08"]
[Round "2"]
[White "Kaliski, Erwin"]
[Black "Philipp, Nils"]
[Result "1/2-1/2"]
[WhiteElo "2203"]
[BlackElo "1885"]
[PlyCount "65"]
[EventDate "2023.04.24"]
[EventType "swiss"]
[EventCountry "GER"]

1. e4 c5 2. c3 Nf6 3. e5 Nd5 4. d4 cxd4 5. cxd4 d6 6. Nf3 Nc6 7. Bc4 Nb6 8. Bb3 dxe5 9. Nxe5 Nxe5 10. dxe5 Qxd1+ 11. Bxd1 g6 12. O-O Bg7 13. f4 O-O 14. Bf3 Rd8 15. Nc3 Rb8 16. Be3 Bd7 17. Bxb6 axb6 18. Nd5 Bf8 19. Nxb6 Bb5 20. Rf2 e6 21. Rc1 Bb4 22. Kh1 Bd2 23. Rxd2 Rxd2 24. a4 Be2 25. b4 Rbd8 26. Bxe2 Rxe2 27. h3 Rdd2 28. Nc4 Ra2 29. Nd6 Rxg2 30. Nxb7 Rh2+ 31. Kg1 Rag2+ 32. Kf1 Rf2+ 33. Kg1 1/2-1/2

[Event "ch-Frankfurt A"]
[Site "Frankfurt"]
[Date "2023.05.08"]
[Round "2"]
[White "Klikic, Drazen"]
[Black "Kabakci, Cem"]
[Result "0-1"]
[WhiteElo "1499"]
[BlackElo "1649"]
[PlyCount "106"]
[EventDate "2023.04.24"]
[EventType "swiss"]
[EventCountry "GER"]

1. e4 e5 2. Nf3 Nc6 3. Bb5 d6 4. c3 Bd7 5. O-O Nf6 6. Re1 a6 7. Ba4 Ne7 8. Bb3 h6 9. d4 Ng6 10. h3 c6 11. Nbd2 Be7 12. Nf1 Qc7 13. Ng3 d5 14. dxe5 Nxe5 15. exd5 Nxf3+ 16. Qxf3 Nxd5 17. Nf5 Bxf5 18. Qxf5 Qd6 19. c4 Qf6 20. Qe4 Nc7 21. Bd2 Ne6 22. Bc3 Qf4 23. Rad1 Rd8 24. Rxd8+ Kxd8 25. Ba5+ Ke8 26. Qxf4 Nxf4 27. Bc3 Rg8 28. Bc2 g6 29. Bd2 g5 30. Bc3 Ne6 31. Bf5 Kd7 32. Rd1+ Kc7 33. Be5+ Kc8 34. Kf1 Re8 35. Bc3 b6 36. Be5 Rd8 37. Rxd8+ Bxd8 38. g4 Kd7 39. Bxe6+ Kxe6 40. Bd4 c5 41. Bc3 Bf6 42. Bxf6 Kxf6 43. Ke2 Ke5 44. Ke3 f5 45. f3 b5 46. b3 b4 47. Ke2 fxg4 48. fxg4 Kf4 49. Kf2 a5 50. Kg2 Ke3 51. Kg3 Kd3 52. h4 Ke3 53. hxg5 hxg5 0-1

[Event "ch-Frankfurt A"]
[Site "Frankfurt"]
[Date "2023.05.08"]
[Round "2"]
[White "Lee, Kwan Ho Matthew"]
[Black "Nickel, Jonas"]
[Result "0-1"]
[WhiteElo "1597"]
[BlackElo "1797"]
[PlyCount "110"]
[EventDate "2023.04.24"]
[EventType "swiss"]
[EventCountry "GER"]

1. d4 d5 2. c4 c6 3. cxd5 cxd5 4. Nc3 Nf6 5. f3 Nc6 6. e4 dxe4 7. d5 Ne5 8. fxe4 Bg4 9. Qa4+ Bd7 10. Qd4 Ng6 11. Nf3 e6 12. Be2 Qb6 13. Qxb6 axb6 14. Bg5 Bb4 15. Bxf6 gxf6 16. Rf1 O-O 17. a3 Rfc8 18. Kd2 Bxc3+ 19. bxc3 exd5 20. exd5 Nf4 21. Nd4 Nxe2 22. Nxe2 Kg7 23. Nf4 f5 24. Nd3 Ra5 25. Rfb1 Rxd5 26. Rxb6 Bb5 27. Rxb5 Rxb5 28. Kc2 Kf6 29. a4 Rb6 30. Ra3 Re8 31. Nf4 Kg5 32. g3 Re4 33. a5 Ra6 34. Rb3 Ra7 35. Ra3 Re5 36. Ra4 Raxa5 37. Nh3+ Kf6 38. Rh4 Kg7 39. Nf4 h6 40. Kd3 Ra2 41. Kd4 Re4+ 42. Kd3 Raa4 43. Rh5 Rxf4 44. gxf4 Rxf4 45. Ke3 Re4+ 46. Kf3 Kg6 47. Rh3 Kg5 48. Rg3+ Rg4 49. c4 Rxg3+ 50. hxg3 b6 51. Ke2 Kg4 52. Kf2 f4 53. gxf4 Kxf4 54. Kg2 f5 55. Kh3 Ke3 0-1

[Event "ch-Frankfurt A"]
[Site "Frankfurt"]
[Date "2023.05.08"]
[Round "2"]
[White "Leitzig, Reamonn Franky James"]
[Black "Klamser, Dietmar"]
[Result "1-0"]
[WhiteElo "1468"]
[BlackElo "1733"]
[PlyCount "65"]
[EventDate "2023.04.24"]
[EventType "swiss"]
[EventCountry "GER"]

1. e4 d5 2. exd5 Qxd5 3. Nc3 Qd6 4. d4 Nf6 5. Nf3 c6 6. h3 Bf5 7. Nh4 Be6 8. g3 g6 9. Bg2 Bg7 10. a3 Nh5 11. Be3 Na6 12. Qd2 Qd7 13. Nf3 Nf6 14. Ne5 Qc8 15. O-O-O Nd5 16. Nxd5 Bxd5 17. Bxd5 cxd5 18. Bh6 O-O 19. h4 Nc7 20. h5 f6 21. Bxg7 fxe5 22. Bxf8 Qxf8 23. hxg6 hxg6 24. Rh2 Qf5 25. Rdh1 Kf7 26. dxe5 Ke6 27. f4 Rc8 28. Rd1 Rd8 29. Qa5 Rd7 30. Qxa7 Ne8 31. Qb6+ Kf7 32. Rh7+ Ng7 33. e6+ 1-0

[Event "ch-Frankfurt A"]
[Site "Frankfurt"]
[Date "2023.05.08"]
[Round "2"]
[White "Lenhard, Martin"]
[Black "Diehl, Felix"]
[Result "1-0"]
[WhiteElo "2060"]
[BlackElo "1780"]
[PlyCount "101"]
[EventDate "2023.04.24"]
[EventType "swiss"]
[EventCountry "GER"]

1. e4 e5 2. Nf3 Nc6 3. Bb5 a6 4. Ba4 Nf6 5. O-O d6 6. Re1 b5 7. Bb3 Bg4 8. c3 Be7 9. d3 O-O 10. Nbd2 Re8 11. h3 Be6 12. Bxe6 fxe6 13. a4 Rb8 14. Nf1 Bf8 15. Ng3 g6 16. axb5 axb5 17. Be3 d5 18. Qc2 Qd6 19. Ra6 Nd4 20. cxd4 Qxa6 21. dxe5 dxe4 22. dxe4 Nd7 23. Qxc7 Qb7 24. Qxb7 Rxb7 25. Rc1 Bg7 26. Bd4 h6 27. Ne2 Kf7 28. Rc6 Nb8 29. Rc1 Ree7 30. Nc3 Rec7 31. Ra1 Nc6 32. Ne2 Nxd4 33. Nexd4 b4 34. Ra6 Re7 35. Nc6 Re8 36. Nfd4 Bf8 37. Kf1 Bc5 38. Nxe6 Bb6 39. Nf4 Rc8 40. e6+ Ke8 41. Nxb4 Bd4 42. Nbd5 Rxb2 43. Nd3 Rd2 44. Ra3 Rb8 45. g3 Kf8 46. Kg2 Rc8 47. Kf3 g5 48. Kg4 Bxf2 49. Nxf2 Rxf2 50. Ra7 Rf1 51. Rh7 1-0

[Event "ch-Frankfurt A"]
[Site "Frankfurt"]
[Date "2023.05.08"]
[Round "2"]
[White "Manasek, Martin"]
[Black "Brauch, Manfred"]
[Result "1/2-1/2"]
[WhiteElo "1519"]
[BlackElo "1777"]
[PlyCount "66"]
[EventDate "2023.04.24"]
[EventType "swiss"]
[EventCountry "GER"]

1. d4 f5 2. c4 g6 3. Nc3 Nf6 4. Nf3 Bg7 5. e3 d6 6. Be2 O-O 7. O-O Qe8 8. Qc2 h6 9. Bd3 e5 10. dxe5 dxe5 11. e4 f4 12. h3 c6 13. b3 Na6 14. a3 Nc7 15. Bb2 g5 16. Ne2 Nd7 17. b4 Qh5 18. b5 c5 19. Nc3 g4 20. hxg4 Qxg4 21. Nd5 Ne6 22. Be2 Ng5 23. Ne7+ Kh7 24. Nf5 Nxf3+ 25. Bxf3 Qg5 26. Qe2 Bf6 27. Rfd1 Rg8 28. Rd6 Nf8 29. Bxe5 Bxe5 30. Rxh6+ Qxh6 31. Nxh6 Kxh6 32. Rd1 Ne6 33. Rd5 Rg5 1/2-1/2

[Event "ch-Frankfurt A"]
[Site "Frankfurt"]
[Date "2023.05.08"]
[Round "2"]
[White "Mayer, Frank"]
[Black "Grinberg, Igor"]
[Result "1-0"]
[WhiteElo "2111"]
[BlackElo "1428"]
[PlyCount "69"]
[EventDate "2023.04.24"]
[EventType "swiss"]
[EventCountry "GER"]

1. e4 c6 2. d4 d5 3. exd5 cxd5 4. Bd3 Nf6 5. h3 Nc6 6. c3 e6 7. Nf3 Be7 8. O-O a6 9. Bf4 O-O 10. Nbd2 b5 11. b4 Bb7 12. Nb3 Rc8 13. Qe2 h6 14. a4 Na7 15. axb5 Rxc3 16. Na5 Ba8 17. bxa6 Bxb4 18. Nb7 Qd7 19. Rfb1 Be7 20. Ne5 Qc8 21. Bd2 Rxd3 22. Qxd3 Ne4 23. Bb4 Bxb4 24. Rxb4 f6 25. Ng6 Rf7 26. f3 Nc6 27. Rb2 Bxb7 28. axb7 Rxb7 29. Rxb7 Qxb7 30. fxe4 Qb2 31. Ra8+ Kf7 32. exd5 Qc1+ 33. Kh2 f5 34. dxc6 Kxg6 35. Qg3+ 1-0

[Event "ch-Frankfurt A"]
[Site "Frankfurt"]
[Date "2023.05.08"]
[Round "2"]
[White "Mayer, Rolf"]
[Black "Schulze, Manfred"]
[Result "1/2-1/2"]
[WhiteElo "1555"]
[BlackElo "1887"]
[PlyCount "94"]
[EventDate "2023.04.24"]
[EventType "swiss"]
[EventCountry "GER"]

1. d4 c5 2. d5 Nf6 3. e4 Nxe4 4. Bd3 Nf6 5. c4 d6 6. Nc3 Nbd7 7. Nf3 g6 8. Bf4 Bg7 9. Qd2 Ng4 10. h3 Nge5 11. Be2 h5 12. Ng5 Nb6 13. b3 Bf5 14. Rd1 Nbd7 15. O-O Qa5 16. Nb5 Qb6 17. Nc3 a6 18. Qe3 O-O 19. Bg3 Nf6 20. Rfe1 Rae8 21. Bxe5 dxe5 22. Nge4 Nxe4 23. Nxe4 Bxe4 24. Qxe4 Qd6 25. g4 hxg4 26. hxg4 Bh6 27. Rd3 Bf4 28. Rh3 Qf6 29. Qh1 Qg7 30. Rd1 Rd8 31. Bf3 b5 32. Be2 b4 33. Bd3 a5 34. Bc2 Rd6 35. Rh4 Rfd8 36. Rd3 e6 37. Rdh3 Kf8 38. Rh8+ Ke7 39. Rxd8 Kxd8 40. dxe6 e4 41. e7+ Kxe7 42. Qxe4+ Qe5 43. Qxe5+ Bxe5 44. Re3 Re6 45. Kg2 Kd6 46. Rf3 Ke7 47. Be4 Rf6 1/2-1/2

[Event "ch-Frankfurt A"]
[Site "Frankfurt"]
[Date "2023.05.08"]
[Round "2"]
[White "Neukirchner, Pascal"]
[Black "Rutsatz, Mario"]
[Result "1-0"]
[WhiteElo "2300"]
[BlackElo "1912"]
[PlyCount "77"]
[EventDate "2023.04.24"]
[EventType "swiss"]
[EventCountry "GER"]

1. Nf3 c5 2. g3 Nc6 3. Bg2 g6 4. c4 Bg7 5. Nc3 d6 6. O-O e5 7. a3 a5 8. d3 Nge7 9. Rb1 O-O 10. Bg5 f6 11. Be3 Rb8 12. Ne1 Be6 13. Nc2 Qd7 14. b4 axb4 15. axb4 b6 16. Nd5 Nd4 17. Nxe7+ Qxe7 18. Bd2 Qd7 19. Ne3 f5 20. Nd5 f4 21. gxf4 Bh3 22. e3 Bxg2 23. Kxg2 exf4 24. exd4 f3+ 25. Kh1 cxd4 26. Rg1 Be5 27. Qf1 Kh8 28. Bg5 Rb7 29. Re1 Rf5 30. Rxe5 dxe5 31. Bf6+ Kg8 32. Ne7+ Kf7 33. Nxf5 Qxf5 34. Bh4 e4 35. dxe4 Qxe4 36. Bg3 d3 37. Qc1 Kg8 38. Re1 Qd4 39. Qf4 1-0

[Event "ch-Frankfurt A"]
[Site "Frankfurt"]
[Date "2023.05.08"]
[Round "2"]
[White "Pfeiffer, Florian"]
[Black "Stulken, Dietmar"]
[Result "1-0"]
[WhiteElo "1791"]
[BlackElo "1323"]
[PlyCount "41"]
[EventDate "2023.04.24"]
[EventType "swiss"]
[EventCountry "GER"]

1. d4 d5 2. c4 dxc4 3. Nf3 Nf6 4. Nc3 c5 5. d5 e6 6. e4 Nxe4 7. Bxc4 Nxc3 8. bxc3 exd5 9. Bxd5 Be7 10. Qb3 Be6 11. Bxe6 fxe6 12. Qxb7 Qd5 13. Qc8+ Qd8 14. Qxe6 Qd6 15. Qc4 Rf8 16. O-O h6 17. Be3 Nd7 18. Rad1 Qg6 19. Rxd7 Rxf3 20. Rxe7+ Kxe7 21. Bxc5+ 1-0

[Event "ch-Frankfurt A"]
[Site "Frankfurt"]
[Date "2023.05.08"]
[Round "2"]
[White "Rabiya, Karim"]
[Black "Calvi, Stefan"]
[Result "1-0"]
[WhiteElo "1764"]
[BlackElo "1947"]
[PlyCount "85"]
[EventDate "2023.04.24"]
[EventType "swiss"]
[EventCountry "GER"]

{[%evp 0,26,16,28,46,51,51,56,74,58,50,29,97,94,65,31,32,18,18,22,20,-7,14,10,50,20,39,11,12]} 1. e4 c5 2. Nf3 Nc6 3. Bb5 g6 4. O-O Bg7 5. d3 Nd4 6. Bc4 d6 7. c3 Nxf3+ 8. Qxf3 Nf6 9. h3 O-O 10. Bg5 Rb8 11. a4 b6 12. d4 Qc7 13. d5 Nd7 14. Qe3 Ne5 15. Be2 f5 16. Nd2 Nf7 17. exf5 Bxf5 18. g4 Bc8 19. Bf4 a6 20. Ne4 c4 21. b4 cxb3 22. Rab1 Bd7 23. Bxa6 Bxa4 24. c4 b2 25. Nc3 Bb3 26. Rxb2 Bxc4 27. Bxc4 Qxc4 28. Rc1 Ne5 29. Bxe5 Bxe5 30. Ne4 Qxd5 31. Qb3 Qxb3 32. Rxb3 d5 33. Nd2 Bd4 34. Nf3 Bc5 35. Rc2 Rbd8 36. Re2 Rf6 37. Kg2 Rdf8 38. Rd3 e6 39. Nd4 Bxd4 40. Rxd4 g5 41. Rb2 Rb8 42. Rb5 Kf7 43. Rdb4 $138 1-0

[Event "ch-Frankfurt A"]
[Site "Frankfurt"]
[Date "2023.05.08"]
[Round "2"]
[White "Raumanns, Niklas"]
[Black "Hofmann Weippert, Matthias"]
[Result "1-0"]
[WhiteElo "1729"]
[BlackElo "1496"]
[PlyCount "47"]
[EventDate "2023.04.24"]
[EventType "swiss"]
[EventCountry "GER"]

1. b3 d5 2. Bb2 Nf6 3. e3 Nc6 4. Bb5 a6 5. Bxc6+ bxc6 6. Nf3 Bg4 7. h3 Bh5 8. g4 Bg6 9. Ne5 Qd6 10. f4 e6 11. O-O h6 12. Nxg6 fxg6 13. d3 Be7 14. Nd2 O-O 15. Qe2 Nd7 16. Nf3 Bf6 17. d4 g5 18. Ne5 Bxe5 19. fxe5 Qe7 20. a4 Rxf1+ 21. Rxf1 Nf8 22. Qd3 Qe8 23. Ba3 Nd7 24. Qc3 1-0

[Event "ch-Frankfurt A"]
[Site "Frankfurt"]
[Date "2023.05.08"]
[Round "2"]
[White "Rohatgi, Kushagra"]
[Black "Hedrich, Gerd"]
[Result "1/2-1/2"]
[WhiteElo "1664"]
[BlackElo "1335"]
[PlyCount "72"]
[EventDate "2023.04.24"]
[EventType "swiss"]
[EventCountry "GER"]

1. e4 e5 2. Nf3 Nc6 3. Bc4 Nf6 4. d3 Bc5 5. c3 d6 6. O-O a6 7. Bb3 Bg4 8. Nbd2 b5 9. h3 Bh5 10. Re1 h6 11. Nf1 Qd7 12. Ng3 Bg6 13. d4 Ba7 14. dxe5 Nxe5 15. Be3 O-O 16. Nxe5 dxe5 17. Qxd7 Nxd7 18. Bd5 Bxe3 19. Bxa8 Bxf2+ 20. Kxf2 Rxa8 21. Rad1 Nb6 22. b3 f6 23. Rd2 Kf8 24. Red1 Ke7 25. Ke3 Bh7 26. h4 g6 27. Rf1 h5 28. Rd3 Bg8 29. Rd2 a5 30. Kf2 Be6 31. Ne2 Rd8 32. Rxd8 Kxd8 33. Rd1+ Ke7 34. Nc1 c5 35. a3 c4 36. b4 a4 1/2-1/2

[Event "ch-Frankfurt A"]
[Site "Frankfurt"]
[Date "2023.05.08"]
[Round "2"]
[White "Sasikumar Anitha, Sarvesh"]
[Black "van den Borg, Christiane"]
[Result "1-0"]
[WhiteElo "1424"]
[BlackElo "1693"]
[PlyCount "91"]
[EventDate "2023.04.24"]
[EventType "swiss"]
[EventCountry "GER"]

1. e4 d5 2. exd5 Qxd5 3. Nc3 Qa5 4. d4 Nf6 5. Nf3 c6 6. Bd2 Qc7 7. Bc4 Bf5 8. Ne5 e6 9. g4 Be4 10. f3 Bd5 11. g5 Nfd7 12. Bxd5 cxd5 13. Qe2 Nxe5 14. dxe5 a6 15. Bf4 Bb4 16. Qd3 Bxc3+ 17. Qxc3 Qxc3+ 18. bxc3 Nd7 19. Rb1 Rb8 20. Kf2 b5 21. a4 Nc5 22. axb5 axb5 23. Rb4 Kd7 24. Rhb1 Kc6 25. Ke3 Na6 26. R4b3 Nc7 27. Ra3 Ra8 28. Rba1 Rxa3 29. Rxa3 Ra8 30. Rxa8 Nxa8 31. Kd3 Nb6 32. Be3 Nc4 33. f4 Nxe3 34. Kxe3 Kc5 35. h4 Kc4 36. h5 Kxc3 37. f5 exf5 38. g6 hxg6 39. hxg6 fxg6 40. e6 d4+ 41. Kf4 Kxc2 42. e7 d3 43. e8=Q d2 44. Qc6+ Kd3 45. Qxb5+ Kc2 46. Qc4+ 1-0

[Event "ch-Frankfurt A"]
[Site "Frankfurt"]
[Date "2023.05.08"]
[Round "2"]
[White "Tepedibi, Tayfun"]
[Black "Rotermund, Verena"]
[Result "0-1"]
[WhiteElo "1185"]
[BlackElo "1553"]
[PlyCount "92"]
[EventDate "2023.04.24"]
[EventType "swiss"]
[EventCountry "GER"]

1. e4 e6 2. Nf3 d5 3. e5 c5 4. c3 Nc6 5. Bb5 f6 6. d4 Bd7 7. O-O Qb6 8. Bxc6 bxc6 9. exf6 Nxf6 10. Ne5 cxd4 11. cxd4 Rd8 12. Nc3 Bd6 13. Bg5 O-O 14. Rb1 Bc8 15. Ne2 c5 16. Re1 Rde8 17. Bh4 cxd4 18. Nxd4 Bc5 19. Nb3 Bb4 20. Re2 Ne4 21. a3 Bd6 22. Nd3 Ba6 23. Rc2 Bc4 24. Na1 Qd4 25. Ne1 Qe5 26. Bg3 Nxg3 27. hxg3 Bc5 28. Nd3 Bxd3 29. Qxd3 Bb6 30. Rf1 Rf6 31. Re2 Qh5 32. Re3 Rh6 33. f3 Qe5 34. Nc2 Qxb2 35. Rfe1 Rc8 36. R1e2 Bxe3+ 37. Nxe3 Rc1+ 38. Kf2 Qb6 39. Rc2 Rhh1 40. g4 Rhf1+ 41. Kg3 Qd6+ 42. Kh4 Rh1+ 43. Kg5 Qe5+ 44. Nf5 Rxc2 45. Qxc2 h6+ 46. Kg6 Qf6# 0-1